000 00899cam a22002771 4500
999 _c17093
_d17093
008 760227s1960 nyua 000 0 eng
050 0 0 _aNA2500
_b.P613 1960
100 1 _aPonti, Gio,
245 1 0 _aIn praise of architecture/
_cTranslated by Giuseppina and Mario Salvadori. Pref. by Mario Salvadori.
260 _aNew York:
_bF. W. Dodge Corp.,
_c[1960]
300 _a270 p. :
_bill. ;
_c20 cm.
500 _aTranslation of Amate l'architettura.
650 0 _aArchitecture.
942 _2lcc
_cBOOKS
_hNA2500 .P613 1960